1602 1042 1449 1762 1266 1656 1374 1711 1855 1139 1907 1664 1081 1570 1639 1113 1633 1235 1630 1293 1009 1419 1057 1983 1301 1936 1890 1687 1794 1264 1706 1674 1534 1420 1908 1059 1664 1300 1610 1633 1405 1118 1167 1264 1062 1394 1907 1107 1978 1603 1241 1802 1142 1626 1386 1663 1828 1085 1587 1956 1879 1418 1417 1224 1052 1280 1490 1199 1185 1384 1084 1362 1829 1906 1797 1066 1210 1460 1010 1022 1512 1357 1385 1635 1381 1141 1067 1377 1950 1312 1144 1422 1864 1982 1567 1937 1306 1082 1851 BCNSPRNW ULIB Ver.6.0+V

เปลี่ยนเป็นภาษาไทย

Change to English
 แสดงรายละเอียดบรรณานุกรม
  กลับหน้าหลัก

Brief Record : Get Marc (ISO 2709) : E-mail record : QR code < ปิดหน้าต่าง
LEADER : 00000nam 2200000uu 4500
001    13399111451
003     ULIB
008    110627s2548||||th 000 0 tha d
020    974930571X
090    รส^bพ811อ 2548
100 0  รวมนักเขียน
245 00 อาจจะเป็นเพราะรัก 3 /^cเขียนโดย รวมนักเขียน
250    พิมพ์ครั้งที่ 1
260    กรุงเทพฯ :^bเกิร์ลเฟรด์,^c2548
300    192 หน้า :^bภาพประกอบ ;^c21 ซม.
650  0 เรื่องสั้น
945    ^p150^l0^i17712
995    กัณชพร
999 ^a ใช้งานได้ทุกระบบ
รายการนี้ยังไม่มีแท็ก
คุณยังไม่ได้ล็อกอิน คุณสามารถมีกิจกรรมร่วมกับเว็บไซต์ได้ แต่ต้องล็อกอินก่อน ::
  ล็อกอิน

รายการสื่อสารสนเทศ

ลำดับที่ ประเภท เลขเรียก/บาร์โค้ด สถานที่ สถานะ
- ไม่พบข้อมูล -

รายการใกล้เคียง
    ผู้แต่ง [รวมนักเขียน]

    หัวเรื่อง [เรื่องสั้น]

BibComment


ยังไม่เคยถูกคอมเมนท์

คอมเมนท์ทรัพยากรรายการนี้
  คอมเมนท์: อาจจะเป็นเพราะรัก..


 Copyright 2026. Bcnsprnw @Library